Регионална библиотека "Любен Каравелов" - Русе

Владения Хаоса (Запис номер 83553)

MARC детайли
000 -Лидер
Контролно поле с фиксирана дължина 01246nam a2200337 c 4500
003 - Код на организацията, давaща контролен номер
Контролно поле BLK
005 - Дата и час на последна редакция
Контролно поле 20231228135238.0
008 - Елементи от данни с фиксирана дължина
fixed length control field 180408b bul|||||r ||||||| ||bul||
010 ## - Наследен системен номер
LC control number KNG00088103000
020 ## - Международен стандартен номер на книга ISBN
Международен стандартен номер на книга ISBN 5-699-07794-4
-- издат.: Эксмо
040 ## - Източник на каталожния запис
Идентификатор на билиотеката - собственик на записа BLK
041 ## - Код за език
Код за езика на текст/звукозапис или на отделно заглавие Руски
Код за езика КДБФ Руски
080 ## - УДК
Текстов определител УДК Американска литература (на САЩ)
УДК код - определител по УДК 821.111(73)
УДК определител -312.9
УДК - код + определител 821.111(73)-312.9
100 1# - Редна дума - Автор
Автор Желязны, Роджер
Авторска отговорност първи автор
R(LIN) 68293
139 ## - Редно поле
Редна дума Желязны, Роджер
Авторски знак Желязк - Ж 36
245 10 - Сведения за заглавието
Заглавие Владения Хаоса
Подзаглавни данни Фантаст. роман
Редно поле (дума) Роджер Желязны.
257 ## - Страна на издаване
Страна на създаване/издаване Съединени американски щати
260 ## - Област на издателските данни
-- Москва
Име на издателя, разпространителя и проч. Эксмо
Година на издаване 2005
Печатница Ульяновск : Дом печати
300 ## - Физическа характеристика
Страници 253 с.
Размери/Мащаб 17 см
380 ## - Жанр
Жанр Худож. лит.
490 1# - СЕРИИ (Колекции)
Име на серия Фантастика фэнтези : The Best of
500 ## - Общи забележки
Забележка Ориг. загл. The Courts of Chaos / Roger Zelazny. - Офс. изд. - 8 000 тир.
653 ## - Ключова дума – ненормативна
Ключова дума фантастика
653 ## - Ключова дума – ненормативна
Ключова дума романи
852 ## - Местоположение
Форматна сигнатура Цб І 33222
856 4# - Електронен адрес и достъп
Електронен формат pdf - файл
Път до файла /url/
856 4# - Електронен адрес и достъп
Електронен формат pdf - файл
Път до файла /url/
942 ## - АРТИКУЛИ
Вид на библиотечния материал Книги
Скрит в OPAC Не
Koha issues (borrowed), all copies 3
944 ## - СЪЗДАВАНЕ И РЕДАКЦИЯ на ЗАПИСА
Създаване/Редакция Създаване
Дата на регистрацията/редакция 27.02.2009
Статус, дата на статуса Цветомила Тодорова
Служител, извършил регистрацията/редакцията 30576
944 ## - СЪЗДАВАНЕ И РЕДАКЦИЯ на ЗАПИСА
Създаване/Редакция Редакция
Дата на регистрацията/редакция 06.03.2009
Статус, дата на статуса ф /
Служител, извършил регистрацията/редакцията
999 ## - СИСТЕМНИ КОНТРОЛНИ НОМЕРА
Koha biblionumber 83553
Koha biblioitemnumber 83553
Наличности
Код за отписване Код за изгубен артикул Код за повреда Коз за рестрикции Код за отдаване Артикулен № Име на библиотеката - собственик Име на библиотеката, в която се намира в момента Статус (Текущо местоположение) Дата на вписване в системата Местоположение - отдел Цена в лева Инвентарен номер Систематично азбучна сигнатура Баркод Номер на екземпляра Цена в евро Служебна бележка Служебен тип на артикула
  Не е изгубен Не е повреден без рестрикции заемане за дома 135855 Регионална библиотека "Любен Каравелов" Русе Регионална библиотека "Любен Каравелов" Русе Заемна - подръчен фонд 2009-02-27 Заемна - подръчен фонд 3.30 120000733951 П 820(73)-31/Ж 36 120000733951 1 1.69 Дост: DA Вид: А N: 3 Дата: 27.02.2009 Дата инв: 09.02.2018 Бележки инв: П2018 Книги
Vip Innovations Ltd, Rousse, Bulgaria 2025